000 00299nam a22001337a 4500
008 170405b xxu||||| |||| 00| 0 eng d
020 _a0023970111
041 _aeng
080 _a574
100 _a9
101 _aSHM
245 _aAGRICULTURAL FUTURES AND OPTIONS
_cPURCELL.W.D
942 _2udc
_cBK
999 _c9850
_d9850